V. I. Lê-Nin toàn tập T.47 T.47
সংরক্ষণ করুন:
| প্রধান লেখক: | |
|---|---|
| বিন্যাস: | গ্রন্থ |
| প্রকাশিত: |
Sự thật
1981
|
| ট্যাগগুলো: |
ট্যাগ যুক্ত করুন
কোনো ট্যাগ নেই, প্রথমজন হিসাবে ট্যাগ করুন!
|
| Thư viện lưu trữ: | Mạng thư viện Đại học Đà Nẵng |
|---|
| LEADER | 00533nam a2200217 a 4500 | ||
|---|---|---|---|
| 001 | 000029509 | ||
| 003 | 2125 | ||
| 005 | 20171030145630.0 | ||
| 008 | 171030s1981 | ||
| 040 | |a LTT | ||
| 082 | 0 | |a 335.4 |b LÊ-N | |
| 100 | 1 | |a Lê-Nin, V.I., 1870-1924 | |
| 245 | 0 | 0 | |a V. I. Lê-Nin toàn tập T.47 |c V. I. Lê Nin. |n T.47 |
| 260 | |b Sự thật |c 1981 | ||
| OWN | |a LTT | ||
| 999 | |a From the UDN01 | ||
| TYP | |a Monograph | ||
| TYP | |a Printed language | ||
| 980 | |a Mạng thư viện Đại học Đà Nẵng | ||